000 00277nam a2200121Ia 4500
008 190216s9999||||xx |||||||||||||| ||und||
100 _aSkaria P P
245 0 _aMicro Economic Analysis
260 _bVrindavan Pub
_c1998
300 _a328p
650 _aEconomics
942 _cBK
999 _c10352
_d10352